000 00436nam a2200181Ia 4500
005 20240823012013.0
008 240823s9999||||xx |||||||||||||| ||und||
041 _aENGLISH
082 _A658.15 P2
100 _a"Etheridge,Alison"
245 0 _aAC in Financial Calculus
250 _a1st
260 _c2002
_b"Cambridge,U K"
500 _aTRANSFERED
650 _aManagement
_bManagement Studies
942 _cBK
999 _c163152
_d163152